Informačná výchova terminologický a výkladový slovník odbor knižničná a informačná veda

Bibliographic Details
Main Authors: Katuščák, Dušan, 1946- (Author), Matthaeidesová, Marta, 1948- (Author), Nováková, Marta, 1934- (Author)
Other Authors: Ďurič, Ladislav, 1928-2001 (Editor), Hotár, Viliam S., 1937- (Editor), Pastier, Jozef, 1929-2012 (Editor)
Format: Book
Language:Slovak
PhysicalDescription:375 s. 24 cm
Published: Bratislava Slovenské pedagogické nakladateľstvo 1998
ISBN:8008028181
Subjects:

MARC

LEADER 00000cam a2200000 a 4500
001 vtls001350251
003 SK-MaSNL
005 20260302020645.0
008 240318s1998 xo a r 000 0 slo
015 |a SNBA1999/03-00975 
020 |a 8008028181 
035 |a SNK000303582 
035 |a urn:nbn:sk:snk-amkim9 
035 |a urn:nbn:sk:snk-am008hc1 
035 |a 31384187-B974-4AA2-9035-8918F0A9EAD9 
040 |a SNK  |b slo  |c SNK  |e AACR2 
041 0 |a slo 
044 |a xo  |c SK 
080 |a 02+002(038)  |2 1981 
080 |a 002(038)  |2 1981 
100 1 |a Katuščák, Dušan,  |d 1946-  |4 aut  |9 13812 
245 1 0 |a Informačná výchova  |b terminologický a výkladový slovník odbor knižničná a informačná veda  |c Dušan Katuščák, Marta Matthaeidesová, Marta Nováková 
260 |a Bratislava  |b Slovenské pedagogické nakladateľstvo  |c 1998 
300 |a 375 s.  |c 24 cm 
500 |a 6. zväzok edície 
500 |a Aut. celého projektu a edit. zborníka Ladislav Ďurič, Viliam S. Hotár, Jozef Pastier 
504 |a Bibliogr. s. 369-375 
650 0 7 |a knihoveda  |2 SNK  |9 68931 
650 0 7 |a knižničná veda  |2 SNK  |9 69027 
650 0 7 |a informačná veda  |2 SNK  |9 1127 
650 0 7 |a informačná výchova  |2 SNK  |9 66959 
655 7 |a terminologické slovníky  |2 SNKPH  |9 70504 
700 1 |a Matthaeidesová, Marta,  |d 1948-  |4 aut  |9 105943 
700 1 |a Nováková, Marta,  |d 1934-  |4 aut  |9 132814 
700 1 |a Ďurič, Ladislav,  |d 1928-2001  |4 edt  |9 108414 
700 1 |a Hotár, Viliam S.,  |d 1937-  |4 edt  |9 12212 
700 1 |a Pastier, Jozef,  |d 1929-2012  |4 edt  |9 214323 
919 |a 80-08-02818-1 
958 |a OND 
958 |a TL 
958 |a NB 
999 |c 1025927  |d 1027857 
952 |a SNK  |b SNK  |y VYP  |7 0  |p 17A0810095  |o snkSC 97406 D4  |i snk2013/17087  |8 5  |0 0  |1 0  |4 0  |d 2013-07-22  |l 0  |r 2026-02-24 13:38:23  |w 2026-02-24 
952 |t P60, <03>, [BOOK], {603}  |a SNK  |b SNK  |y PREZ  |7 0  |p 17A0171654  |o snkSC 97406  |i snkKSP 11358/98  |0 0  |1 0  |4 0  |d 1998-12-08  |f 1  |l 0  |r 2025-09-16 00:00:00  |w 2026-02-24 
952 |t P60, <04>, [BOOK], {604}  |a SNK  |b SNK  |y VYP  |7 0  |p 17A0171655  |o snkSC 97406 D1  |i snkKSP 11359/98  |0 0  |1 0  |4 0  |d 1998-12-08  |l 1  |m 1  |r 2026-04-10 11:02:26  |s 2026-02-28  |w 2026-02-24 
952 |a SNK  |b SNK  |y VYP  |7 0  |p 17A0428697  |o snkSC 97406 D2  |i snkK 352/2004  |8 3  |g 9.10  |0 0  |1 0  |4 0  |d 2004-05-13  |l 0  |r 2005-01-02 00:00:00  |w 2026-02-24 
952 |t snkINF 02(031)  |a SNKUST  |b SNKUST  |y PREZ  |7 0  |p 17A0479514  |o snkSC 97406 D3  |i snk2005/12285  |8 5  |0 0  |1 0  |4 0  |d 2005-07-14  |l 1  |r 2026-03-11 11:33:36  |s 2026-02-28  |w 2026-02-24